Statystyki dla Top 10 dań świata

Kliknij tutaj aby rozwiązać quiz!

Ogólne statystyki

  • Ten quiz został rozwiązany 40 razy
  • Średni wynik to 3 z 10

Statystyki odpowiedzi

Odpowiedź% Poprawnych
1.Pizza
97%
3.Hamburger
81%
2.Doner kebab
66%
10.Spaghetti
53%
5.Gyros
9%
4.Falafel
6%
9.Dim sum
3%
6.Hummus
3%
8.Kaczka po pekińsku
3%
7.Kawior
3%

Rozkład punktacji

Percentyl według liczby udzielonych odpowiedzi

Procent ludzi z każdym wynikiem

Twoja historia wyników

Nie rozwiązałeś tego quizu